ZKM Gdynia - 152 - Statystyki

Ogólne statystyki
  • Ten quiz został rozwiązany 39 razy
  • Średni wynik to 18 z 22
Statystyki odpowiedzi
Przystanek Ulica % Poprawnych
Oksywie Dickmana Dickmana
100%
Bosmańska - Nasypowa Bosmańska
95%
Bosmańska - Zielona Bosmańska
95%
Cechowa Unruga
95%
Obłuże Centrum Estakada Kwiatkowskiego
95%
Energetyków Janka Wiśniewskiego
90%
Janka Wiśniewskiego Janka Wiśniewskiego
90%
Węzeł Ofiar Grudnia '70 Janka Wiśniewskiego
90%
Armii Krajowej Władysława IV
85%
Oksywie Górne Pułkownika Dąbka
85%
Wzgórze Św. Maksymiliana SKM Władysława IV
85%
Alzacka Bosmańska
80%
Mały Kack Sandomierska Sandomierska
80%
Pancerna Dickmana
80%
Wzgórze Św. Maksymiliana - Kapliczka Aleja Zwycięstwa
80%
Gdynia Dworzec Gł. PKP - Hala Wójta Radtkego
70%
Halicka Halicka
70%
Harcerska Aleja Zwycięstwa
70%
Kilińskiego Władysława IV
70%
Redłowo SKM Stryjska
70%
Starowiejska 3 Maja
70%
Centrum Nauki Experyment Aleja Zwycięstwa
65%
Nie znaleziono quizów pasujących do podanych kryteriów
Rozkład punktacji
Procent ludzi z każdym wynikiem
Percentyl według liczby udzielonych odpowiedzi
Twoja historia wyników
Nie rozwiązałeś tego quizu